[Event "IV Torneio de Xadrez entre amigo"]
[Site "http://www.queenalice.com/game.php?id=110857"]
[Date "2006.9.28"]
[Round "-"]
[White "zalinas"]
[Black "ebelote"]
[Result "1-0"]
[WhiteElo "1398"]
[BlackElo "1387"]

1. e4 e5 2. Bc4 Bc5 3. Qf3 Nf6 4. Ne2 Nc6 5. b4 Nxb4 6. Bxf7+ Kxf7 7. Qb3+ d5 8.
d4 exd4 9. a3 Nc6 10. Bg5 Be6 11. Bxf6 Qxf6 12. exd5 d3 13. dxe6+ Ke7 14. f3
Qxa1 15. cxd3 Bxa3 16. Qxa3+ Qxa3 17. Nxa3 Rhd8 18. Kd2 Nd4 19. Nxd4 Rxd4 20.
Nb5 Rb4 21. Nxc7 Rc8 22. Nd5+ Kxe6 23. Nxb4 b5 24. Ra1 Ra8 25. Ra6+ Kf7 26. Nc6
Kf6 27. Kc3 Kg5 28. Kb4 Re8 29. Rxa7 Kg6 30. Re7 Rxe7 31. Nxe7+ Kf6 32. Nc6 g5
33. Kxb5 1-0

[Event "Challenge"]
[Site "http://www.queenalice.com/game.php?id=112006"]
[Date "2006.10.1"]
[Round "-"]
[White "zalinas"]
[Black "TainanTomaz"]
[Result "0-1"]
[WhiteElo "1528"]
[BlackElo "1555"]

1. e4 c6 2. Qf3 d5 3. Nc3 d4 4. Bc4 e6 5. Nce2 Bc5 6. b3 Nf6 7. Bb2 e5 8. h3
Nbd7 9. c3 Nb6 10. cxd4 Bxd4 11. Bxd4 exd4 12. e5 Nfd5 13. Bd3 Nb4 14. Nf4 O-O
15. Nge2 N6d5 16. Nxd5 Qxd5 17. Qxd5 Nxd3+ 18. Kd1 cxd5 19. Rf1 Nxe5 20. Nxd4
Be6 21. Rc1 Rac8 0-1

[Event "IV Torneio R5-J5"]
[Site "http://www.queenalice.com/game.php?id=117098"]
[Date "2006.10.14"]
[Round "-"]
[White "Gil"]
[Black "zalinas"]
[Result "1-0"]
[WhiteElo "1726"]
[BlackElo "1448"]

1. Nf3 Nc6 2. d4 d5 3. e3 Nf6 4. c4 Bg4 5. cxd5 Qxd5 6. Nc3 Qd8 7. h3 Bd7 8. Qb3
Rb8 9. Bc4 e6 10. Bd3 h6 11. e4 Be7 12. O-O O-O 13. Bf4 a6 14. Rad1 Nh5 15. Bh2
Nf6 16. Bb1 Na5 17. Qc2 Nh7 18. d5 e5 19. Nxe5 Bd6 20. Nxd7 Bxh2+ 21. Kxh2 Qxd7
22. e5 f5 23. Ne2 b5 24. b3 Nb7 25. Nd4 Qxd5 26. Nc6 1-0

[Event "Challenge"]
[Site "http://www.queenalice.com/game.php?id=118277"]
[Date "2006.10.18"]
[Round "-"]
[White "torres"]
[Black "zalinas"]
[Result "0-1"]
[WhiteElo "1388"]
[BlackElo "1427"]

1. e4 e5 2. Nf3 Nc6 3. Nc3 Nf6 4. a3 a6 5. Bc4 Be7 6. Ng5 O-O 7. O-O Nd4 8. h3
b5 9. Ba2 Bb7 10. d3 a5 11. Be3 Nxe4 12. dxe4 Bxg5 13. Bxg5 Qxg5 14. f3 Ba6 15.
b4 axb4 16. axb4 c5 17. Bd5 Ra7 18. Qb1 cxb4 19. Qxb4 Nxc2 20. Qc5 b4 21. Qxa7
Bxf1 22. Ra2 Qxg2# 0-1

[Event "IV TorneioR11-J1"]
[Site "http://www.queenalice.com/game.php?id=118730"]
[Date "2006.10.19"]
[Round "-"]
[White "zalinas"]
[Black "Newcobos"]
[Result "1-0"]
[WhiteElo "1426"]
[BlackElo "1840"]

1. e4 c5 2. Bc4 Nc6 3. Nf3 e6 4. Nc3 g6 5. a3 Bg7 6. Ne2 d5 7. exd5 exd5 8. Bb5
Ne7 9. d3 a6 10. Bxc6+ Nxc6 11. h3 O-O 12. O-O Re8 13. c3 Qf6 14. Nf4 d4 15. Nd5
Qd8 16. c4 b5 17. Bf4 Ra7 18. b4 bxc4 19. dxc4 cxb4 20. axb4 Ne7 21. Bg5 Be6 22.
Bxe7 Rexe7 23. Nxe7+ Qxe7 24. c5 Qd7 25. Re1 Bf6 26. Qd2 Bxh3 27. gxh3 Qxh3 28.
Qf4 Bg7 29. Re8+ Bf8 30. Rae1 Kg7 31. Nxd4 Rd7 32. Ne6+ Qxe6 33. R1xe6 1-0

[Event "AUTO-INT-214"]
[Site "http://www.queenalice.com/game.php?id=118782"]
[Date "2006.10.19"]
[Round "1"]
[White "paulchess10"]
[Black "zalinas"]
[Result "0-1"]
[WhiteElo "1536"]
[BlackElo "1434"]

1. e4 e5 2. Nf3 Nc6 3. Bc4 Be7 4. d4 exd4 5. Nxd4 Ne5 6. Bb3 Nf6 7. Nc3 O-O 8.
O-O b6 9. f4 Nc6 10. e5 Nxd4 11. Qxd4 Bc5 12. Qxc5 bxc5 13. exf6 Qxf6 14. Nd5
Qd8 15. Rf3 Bb7 16. f5 Bxd5 17. Bxd5 c6 18. Bb3 Qb6 19. Kh1 Rae8 20. Bd2 c4 21.
Bxc4 Qxb2 22. Rc1 d5 23. Bb3 Re2 24. Be3 Qxc1+ 0-1

[Event "AUTO-INT-214"]
[Site "http://www.queenalice.com/game.php?id=118796"]
[Date "2006.10.19"]
[Round "1"]
[White "zalinas"]
[Black "franzjonas"]
[Result "0-1"]
[WhiteElo "1579"]
[BlackElo "1924"]

1. e4 c5 2. Bc4 Nc6 3. Nf3 e5 4. d3 d6 5. O-O Be7 6. h3 Nf6 7. c3 O-O 8. Nbd2
Na5 9. a3 Nxc4 10. Nxc4 b5 11. Ne3 Qc7 12. Qb3 Rb8 13. Re1 Be6 14. Qc2 a5 15.
Bd2 Qc6 16. Nf1 a4 17. Bg5 h6 18. Bh4 g5 19. Bg3 Nh5 20. Ne3 Nf6 21. Nf1 Rfd8
22. Ne3 c4 23. Nd2 Nh5 24. Bh2 Bf6 25. Nf3 cxd3 26. Qxd3 Bg7 27. Nd5 Bxd5 28.
Qxd5 Qxd5 29. exd5 f5 30. Nd2 Nf6 31. Nf1 Nxd5 32. Rad1 Ne7 33. Rd2 f4 34. Red1
d5 35. g3 Kh7 36. Rd3 Rbc8 37. Kg2 e4 38. R3d2 Be5 39. Re1 Kg6 40. Rdd1 Nc6 41.
h4 Kf5 42. hxg5 hxg5 43. Nd2 f3+ 44. Kg1 g4 45. Rb1 Bg7 46. Nf1 d4 47. cxd4 Nxd4
48. Ne3+ Kg5 49. Kf1 Nb3 50. Kg1 Rd2 51. Rbd1 Rxd1 52. Rxd1 Bxb2 53. Rd5+ Kg6
54. Kh1 Rc5 55. Rd6+ Kh5 56. Rd8 Bxa3 57. Rh8+ Kg6 58. Rg8+ Kf7 59. Rxg4 Nd2 60.
Rf4+ Kg6 61. Rg4+ Rg5 62. Rxg5+ Kxg5 63. g4 Bc5 64. Nd5 Nc4 65. Nc3 Bd4 66. Nxb5
Bxf2 67. Nc3 e3 0-1

[Event "AUTO-INT-214"]
[Site "http://www.queenalice.com/game.php?id=118797"]
[Date "2006.10.19"]
[Round "1"]
[White "franzjonas"]
[Black "zalinas"]
[Result "1-0"]
[WhiteElo "1666"]
[BlackElo "1435"]

1. e4 e5 2. c4 Bc5 3. Nc3 Nf6 4. d3 Nc6 5. Nf3 O-O 6. Be2 h6 7. O-O a6 8. Nxe5
d6 9. Nxc6 bxc6 10. d4 Bb4 11. e5 dxe5 12. dxe5 Qxd1 13. Rxd1 Bxc3 14. bxc3 Nd7
15. f4 f6 16. e6 Nb6 17. f5 Na4 18. Bh5 1-0

[Event "AUTO-INT-214"]
[Site "http://www.queenalice.com/game.php?id=118798"]
[Date "2006.10.19"]
[Round "1"]
[White "zalinas"]
[Black "rpdemo"]
[Result "1-0"]
[WhiteElo "1504"]
[BlackElo "1490"]

1. e4 e5 2. Bc4 Qf6 3. Nf3 Nc6 4. d3 a6 5. Nc3 Bb4 6. Bd2 Nd4 7. O-O Bxc3 8.
Bxc3 d6 9. Nxd4 exd4 10. Bd2 Ne7 11. f4 O-O 12. Qf3 Be6 13. Bxe6 fxe6 14. e5
dxe5 15. Qxb7 Rab8 16. Qxc7 e4 17. dxe4 h6 18. e5 Nd5 19. Qxb8 Qg6 20. Qd6 h5
21. f5 Rxf5 22. Rxf5 Qxf5 23. Rf1 Qe4 24. Qxe6+ Kh7 25. Qf5+ Qxf5 26. Rxf5 Ne7
27. Rf7 Nc6 28. e6 Kg6 29. Rc7 1-0

[Event "AUTO-INT-214"]
[Site "http://www.queenalice.com/game.php?id=118799"]
[Date "2006.10.19"]
[Round "1"]
[White "rpdemo"]
[Black "zalinas"]
[Result "0-1"]
[WhiteElo "1535"]
[BlackElo "1426"]

1. e4 e5 2. Nf3 Nc6 3. d4 exd4 4. Nxd4 Nxd4 5. Qxd4 d6 6. Bc4 Nf6 7. e5 Qe7 8.
Bf4 dxe5 9. Qxe5 Qxe5+ 10. Bxe5 Be7 11. Bxc7 O-O 12. O-O Bc5 13. Nd2 Bf5 14. Bg3
Rfd8 15. Nb3 Bb6 16. Bh4 Rac8 17. Bd3 Bxd3 18. cxd3 Rxd3 19. Nc1 Rd2 20. b3 Bd4
21. Bg5 Rxf2 22. Rxf2 Bxa1 23. Nd3 Bd4 0-1

[Event "Challenge"]
[Site "http://www.queenalice.com/game.php?id=120207"]
[Date "2006.10.23"]
[Round "-"]
[White "torres"]
[Black "zalinas"]
[Result "1-0"]
[WhiteElo "1340"]
[BlackElo "1490"]

1. e4 e5 2. Bc4 Nf6 3. Nc3 d6 4. Nf3 Be7 5. h3 O-O 6. O-O Nc6 7. a3 a6 8. d3 h6
9. Be3 Nh7 10. d4 exd4 11. Nxd4 Ne5 12. Bb3 Bg5 13. f4 c5 14. Nde2 Bxh3 15. gxh3
Qd7 16. Kh2 b5 17. Ng3 c4 18. Ba2 1-0

[Event "Challenge"]
[Site "http://www.queenalice.com/game.php?id=122768"]
[Date "2006.10.28"]
[Round "-"]
[White "Shydo"]
[Black "zalinas"]
[Result "0-1"]
[WhiteElo "1683"]
[BlackElo "1463"]

1. d4 d5 2. c4 dxc4 3. Nc3 Nf6 4. Qa4+ Bd7 5. Qxc4 e6 6. Qb3 Nc6 7. Qxb7 Rb8 8.
Qa6 Nb4 9. Qxa7 Ra8 10. Qb7 Bc6 11. Qxa8 Qxa8 12. Kd1 Bxg2 13. Nb5 Qb7 14. Nc3
Bxh1 15. f3 c5 16. Be3 Qd7 17. Nb1 cxd4 18. Bd2 Qc6 19. Bxb4 Bxb4 20. Nd2 Bxd2
21. Kxd2 O-O 22. Rc1 Qb6 23. Rc2 e5 24. Kc1 d3 25. exd3 Qxg1 26. d4 Qxf1+ 0-1

[Event "IV TorneioR6-J6"]
[Site "http://www.queenalice.com/game.php?id=125918"]
[Date "2006.11.6"]
[Round "-"]
[White "zalinas"]
[Black "Shydo"]
[Result "1-0"]
[WhiteElo "1528"]
[BlackElo "1679"]

1. e4 c5 2. Bc4 d6 3. Qf3 e6 4. Ne2 Nf6 5. O-O Nc6 6. c3 e5 7. h3 Be7 8. Na3 a6
9. Nc2 b5 10. Bd5 Bb7 11. Qg3 Nh5 12. Qg4 g6 13. Qf3 O-O 14. d3 Bg5 15. Bxg5
Qxg5 16. Ne3 Rab8 17. a4 b4 18. Nc4 Qd8 19. Rfd1 Nf6 20. d4 Nxd5 21. exd5 Ne7
22. dxe5 dxe5 23. Nxe5 Bxd5 24. Qf4 Qd6 25. c4 Qe6 26. cxd5 Nxd5 27. Qc4 Rbd8
28. Nf3 a5 29. Ng5 Qf5 30. Qh4 h5 31. Nf3 Kh7 32. Qc4 Nb6 33. Qb5 Rxd1+ 34. Rxd1
Qe6 35. Qxc5 Qxe2 36. Re1 Nd7 37. Ng5+ Kg7 38. Qd4+ Qe5 39. Rxe5 Nxe5 40. Qxe5+
Kh6 41. Qxa5 b3 42. Qb4 Rc8 43. Nxf7+ Kg7 44. Qxb3 Rc1+ 45. Kh2 Rf1 46. Qd3 Rc1
47. Ng5 Rc7 48. Ne6+ 1-0

[Event "IV TorneioR8-J4"]
[Site "http://www.queenalice.com/game.php?id=129012"]
[Date "2006.11.13"]
[Round "-"]
[White "kalabric"]
[Black "zalinas"]
[Result "0-1"]
[WhiteElo "1494"]
[BlackElo "1561"]

1. e4 e5 2. Nf3 Nc6 3. Bb5 d6 4. Bxc6+ bxc6 5. d4 exd4 6. Nxd4 Bb7 7. O-O Be7 8.
Re1 Nf6 9. Nc3 O-O 10. b4 h6 11. a3 Re8 12. Qf3 Kh8 13. Qg3 Bf8 14. Bb2 c5 15.
bxc5 Nxe4 16. Nxe4 Bxe4 17. cxd6 Qxd6 18. Qh4 Bg6 19. c4 Rab8 20. Rxe8 Rxe8 21.
Nb5 Qe6 22. h3 Qe2 23. Qxh6+ Kg8 24. Qc1 c5 25. Nxa7 Bd3 26. Nb5 Bxc4 27. Nc3
Qe5 28. Na4 Qe4 29. Qc3 Bd5 30. f3 Qxa4 31. Re1 Rxe1+ 32. Qxe1 Qc2 33. Qc1 Qg6
34. Qc3 c4 35. a4 Bxf3 36. Qxf3 Qb1+ 37. Qf1 Bc5+ 0-1

[Event "IV TorneioR12-J1"]
[Site "http://www.queenalice.com/game.php?id=138093"]
[Date "2006.12.7"]
[Round "-"]
[White "zalinas"]
[Black "mteixeira"]
[Result "1-0"]
[WhiteElo "1589"]
[BlackElo "1456"]

1. e4 e5 2. f4 exf4 3. Nf3 Nf6 4. e5 Ne4 5. d3 Ng5 6. Bxf4 Nxf3+ 7. Qxf3 d5 8.
Be2 Bc5 9. Nc3 Bb4 10. O-O Bc5+ 11. Kh1 Bd4 12. Be3 O-O 13. Bxd4 Qh4 14. Bc5 Re8
15. Qxf7+ 1-0

[Event "IV TorneioR14-J3"]
[Site "http://www.queenalice.com/game.php?id=139825"]
[Date "2006.12.11"]
[Round "-"]
[White "zalinas"]
[Black "TopMind"]
[Result "1/2-1/2"]
[WhiteElo "1576"]
[BlackElo "1834"]

1. e4 e6 2. Nc3 d5 3. exd5 exd5 4. Qf3 Nf6 5. h3 Be7 6. Bd3 O-O 7. b3 Re8 8.
Nge2 c5 9. g4 Be6 10. Bb2 Nc6 11. g5 Nd7 12. Bxh7+ Kxh7 13. Qh5+ Kg8 14. f4 Nb4
15. O-O-O d4 16. Ne4 Bd5 17. d3 Bxe4 18. dxe4 Nxa2+ 19. Kb1 Nb4 20. c3 Nc6 21.
cxd4 Bf8 22. d5 Na5 23. e5 g6 24. Qf3 Bg7 25. h4 Qb6 26. h5 Nxb3 27. d6 Na5 28.
hxg6 Nc4 29. gxf7+ Kxf7 30. Qd5+ Kf8 31. Qxc4 Qb4 32. Qc2 Nb6 33. d7 Red8 34.
Qf5+ Kg8 35. g6 Qb3 36. e6 Nc4 1/2-1/2

[Event "IV TorneioR16-J5"]
[Site "http://www.queenalice.com/game.php?id=143137"]
[Date "2006.12.18"]
[Round "-"]
[White "zalinas"]
[Black "Gil"]
[Result "0-1"]
[WhiteElo "1589"]
[BlackElo "2021"]

1. e4 c5 2. Bc4 Nc6 3. Nf3 a6 4. e5 b5 5. Bxf7+ Kxf7 6. Ng5+ Ke8 7. Qf3 Nh6 8.
Ne6 Qb6 9. Nxf8 Rxf8 10. Qe4 Bb7 11. O-O Nd4 0-1

[Event "IV TorneioR17-J6"]
[Site "http://www.queenalice.com/game.php?id=144738"]
[Date "2006.12.21"]
[Round "-"]
[White "Shydo"]
[Black "zalinas"]
[Result "0-1"]
[WhiteElo "1785"]
[BlackElo "1601"]

1. d4 d5 2. c4 dxc4 3. Nc3 Nf6 4. e4 Nc6 5. Nf3 Bg4 6. Bxc4 Bxf3 7. gxf3 Nxd4 8.
Be3 e5 9. Bxd4 exd4 10. Nd5 Nxd5 11. Bxd5 Bb4+ 12. Ke2 c6 13. Bxf7+ Ke7 14. Qb3
d3+ 15. Kd1 Qd4 16. Rf1 Rhf8 17. Qe6+ Kd8 18. Rb1 Kc7 19. Bh5 Qc5 20. Bg4 Qc2#
0-1

[Event "IV TorneioR9-J3"]
[Site "http://www.queenalice.com/game.php?id=152054"]
[Date "2007.1.9"]
[Round "-"]
[White "zalinas"]
[Black "Jokerman"]
[Result "1-0"]
[WhiteElo "1617"]
[BlackElo "1234"]

1. e4 c6 2. d4 g6 3. Nc3 Na6 4. Nf3 Nf6 5. Bd3 Qa5 6. Bd2 d6 7. e5 Nh5 8. O-O
dxe5 9. Nxe5 f6 10. Nxg6 hxg6 11. Bxg6+ Kd7 12. Ne4 Nf4 13. Bxa5 Rg8 14. Bf5+ e6
15. Nxf6+ Kd6 16. Nxg8 exf5 17. c4 Be6 18. c5+ Kd5 19. Nf6+ Kc4 20. Qa4+ Kd3 21.
Rad1+ Ke2 22. Rfe1# 1-0

[Event "IV TorneioR19-J4"]
[Site "http://www.queenalice.com/game.php?id=180978"]
[Date "2007.3.13"]
[Round "-"]
[White "zalinas"]
[Black "kalabric"]
[Result "1-0"]
[WhiteElo "1618"]
[BlackElo "1503"]

1. e4 e5 2. Bc4 Nf6 3. Nf3 d6 4. Nc3 h6 5. O-O g5 6. d4 exd4 7. Nd5 Bg7 8. e5
Nxd5 9. Bxd5 dxe5 10. Bc4 Bg4 11. Re1 Nd7 12. Qxd4 Bxf3 13. gxf3 Qf6 14. Bf1 h5
15. Bh3 Qd6 16. Qa4 c6 17. Bxg5 Qg6 18. Bxd7+ Kxd7 19. f4 f6 20. Rad1+ Kc7 21.
Qb4 Bf8 22. Rd7+ Kxd7 23. Qxb7+ Ke6 24. Qxa8 fxg5 25. Rxe5+ Kf7 26. Qe8+ Kg7 27.
Rxg5 Qxg5+ 28. fxg5 Rg8 29. Qxc6 Kh8 30. h4 Bg7 31. Qa6 Bd4 32. Qh6# 1-0

[Event "IV TorneioR20-J3"]
[Site "http://www.queenalice.com/game.php?id=186880"]
[Date "2007.3.24"]
[Round "-"]
[White "Jokerman"]
[Black "zalinas"]
[Result "0-1"]
[WhiteElo "1215"]
[BlackElo "1629"]

1. e3 Nc6 2. b3 e5 3. Nh3 d5 4. f3 Bxh3 5. gxh3 Qf6 6. Ke2 e4 7. fxe4 dxe4 8.
Bg2 Qxa1 9. Nc3 Bb4 10. Ba3 Qxd1+ 11. Kxd1 Bxa3 12. Bxe4 Nf6 13. Nb5 Bd6 14.
Nxd6+ cxd6 15. Bd3 Nb4 16. Bc4 O-O 17. c3 d5 18. Bb5 a6 19. Bd7 Nxd7 20. cxb4
Ne5 21. Rg1 Rfd8 22. Rg5 f6 23. Rg3 Nc6 24. h4 Nxb4 25. a3 Nd3 26. Ke2 Nc1+ 27.
Kd1 Nxb3 28. Rg4 Rac8 29. Rb4 Rc1+ 30. Ke2 Nc5 31. Rb6 Rh1 32. Rb4 Rxh2+ 33. Kf3
Rxd2 34. Rxb7 Nxb7 35. Kg3 Rc8 36. a4 Rc3 37. Kf4 Nd6 38. Kf3 Kf7 39. a5 Ke6 40.
Kf4 h5 41. Kg3 Kf5 42. Kf3 Rcd3 0-1

[Event "IV TorneioR22-J1"]
[Site "http://www.queenalice.com/game.php?id=253870"]
[Date "2007.8.10"]
[Round "-"]
[White "Newcobos"]
[Black "zalinas"]
[Result "1-0"]
[WhiteElo "1989"]
[BlackElo "1631"]

1. d4 e6 2. c4 Nf6 3. Nc3 d5 4. Nf3 dxc4 5. e4 Be7 6. Bxc4 O-O 7. O-O Bb4 8. Bg5
Bxc3 9. bxc3 h6 10. Bh4 g5 11. Nxg5 hxg5 12. Bxg5 Nbd7 13. Qf3 b5 14. Bxb5 a6
15. Bxd7 Bxd7 16. Bxf6 1-0